000 00583nam a2200229Ia 4500
003 OSt
005 20220924145922.0
006 a|||||r|||| 00| 0
007 ta
008 220923b |||||||| |||| 00| 0 tel d
024 _a330873
037 _cTextual
040 _aARTS
_cARTS
_btel
041 _2tel
_atel
082 _aO168,3N14,1, 35K6
100 _aKishan chandar
_9220859
245 0 _aVirigina vigiahalu
260 _c1966
650 _aURDU LITERATURE
942 _hO168,3N14,1, 35K6
_cTEXL
_2CC
999 _c461617
_d461617